Normal view
MARC view
- ELECTRICITY AND MAGNETISM-PRINCIPLES
Entry Topical Term
001 - CONTROL NUMBER
- control field: 61386
003 - CONTROL NUMBER IDENTIFIER
- control field: NUST
005 - DATE AND TIME OF LATEST TRANSACTION
- control field: 20210628202737.0
008 - FIXED-LENGTH DATA ELEMENTS
- fixed length control field: 210628|| aca||aabn | a|a d
040 ## - CATALOGING SOURCE
- Original cataloging agency: NUST
- Transcribing agency: NUST
150 ## - HEADING--TOPICAL TERM
- Topical term or geographic name entry element: ELECTRICITY AND MAGNETISM-PRINCIPLES
670 ## - SOURCE DATA FOUND
- Source citation: Work cat.: (NUST): Palit, Saunak 61385, Principles of electricity and magnetism, 2005
